2016 presidential campaign: actions needed to address U.S. Secret Service overpayments for travel costs : report to the ranking member, Committee on Homeland Security, House of Representatives /

Bibliographic Details
Main Author: Maurer, Diana (Author)
Corporate Authors: United States. Government Accountability Office (Author), United States. Congress. House. Committee on Homeland Security (sponsoring body.)
Format: Government Document eBook
Language:English
Published: Washington, DC : United States Government Accountability Office, 2018.
Subjects:
Online Access:https://purl.fdlp.gov/GPO/gpo117166

MARC

Tag First Indicator Second Indicator Subfields
LEADER 00000nam a2200000Ii 4500
001 in00004065421
005 20190506084514.0
006 m o d f
007 cr |||||||||||
008 190319s2018 dcua ob f000 0 eng d
035 |a (OCoLC)on1090143758 
043 |a n-us--- 
040 |a GPO  |b eng  |e rda  |e pn  |c GPO  |d MvI 
049 |a WWW 
074 |a 0546-D (online) 
086 0 |a GA 1.13:GAO-18-419 
088 |a GAO-18-419 
110 1 |a United States.  |b Government Accountability Office,  |e author. 
245 1 0 |a 2016 presidential campaign: actions needed to address U.S. Secret Service overpayments for travel costs :  |b report to the ranking member, Committee on Homeland Security, House of Representatives /  |c Diana Maurer. 
246 3 0 |a Actions needed to address U.S. Secret Service overpayments for travel costs 
246 1 7 |a GAO-18-419 2016 presidential campaign 
264 1 |a Washington, DC :  |b United States Government Accountability Office,  |c 2018. 
300 |a 1 online resource (ii, 42 pages) :  |b illustrations 
336 |a text  |b txt  |2 rdacontent 
337 |a computer  |b c  |2 rdamedia 
338 |a online resource  |b cr  |2 rdacarrier 
500 |a "GAO-18-419." 
500 |a "May 2018." 
504 |a Includes bibliographical references. 
588 |a Description based on online resource, PDF version; title from cover (GAO, viewed March 12, 2019). 
610 1 0 |a United States.  |b Secret Service  |x Rules and practice. 
650 0 |a Travel costs  |x Government policy  |z United States. 
650 0 |a Government travel  |z United States. 
650 0 |a Waste in government spending  |z United States. 
700 1 |a Maurer, Diana,  |e author. 
710 1 |a United States.  |b Congress.  |b House.  |b Committee on Homeland Security,  |e sponsoring body. 
856 4 0 |u https://purl.fdlp.gov/GPO/gpo117166  |t 0 
999 f f |s 28fb3212-1e91-3681-9259-c983d983134f  |i b3f750e9-68da-3b4b-9eb9-4881ab17ed33  |t 0 
952 f f |a Texas A&M University  |b College Station  |c Electronic Resources  |d Available Online  |t 0  |e GA 1.13:GAO-18-419  |h Superintendent of Documents classification 
998 f f |a GA 1.13:GAO-18-419  |t 0  |l Available Online